000 00322nam a2200133Ia 4500
005 20251222143204.0
008 251222s9999||||xx |||||||||||||| ||spa||
082 _a761.2/F39
100 _aFernández, José Abel
245 0 _aGrabadores en el Perú:
250 _a1ra.ed.
264 _bDidi de Arteta S.A.
942 _cLIB
999 _c13198
_d13198